000 00876nam a2200265 a 4500
001
003 DO-SdBNP
005 20210607121102.0
008 101011s1988 dr 001 0 spa d
040 _aBPMSU
_bspa
_cBPMSU
049 _a
082 _aR383.7293
_bA516c 1988
_222
100 1 _aAmiama Veloz, Luisa A.
_q(Chilito)
245 1 0 _aCatálogo Amiama 1988 :
_bsellos postales de la República Dominicana /
_cLuisa A. Amiama Veloz.
246 1 3 _aCatálogo de sellos postales dominicanos
260 _aSanto Domingo :
_bSociedad Filantrópica Dominicana,
_c1988.
300 _a221, [51] p. ;
_c23 cm.
490 0 _aBiblioteca Taller
_v267
590 _6Inventariado, 2021/VM
650 4 _aSellos postales
_zRepública Dominicana
_vCatálogos .
710 2 _aSociedad Filantrópica Dominicana
830 0 _aBiblioteca Taller
_vno. 267
910 _aVMateo
942 _2ddc
_cBK
999 _c13558
_d13558